| 000 | 00699nam a2200157 i 4500 | ||
|---|---|---|---|
| 001 | 80200 | ||
| 003 | ES-MaACL | ||
| 005 | 20230906174147.0 | ||
| 007 | t| | ||
| 008 | 041026m19011905xxk ||||1| eng d | ||
| 245 | 0 | 4 | _aThe Oxford History of Music. |
| 260 |
_aOxford : _bClarendon Press, _c1901-1905. |
||
| 300 |
_a6 v. ; _c23 cm. |
||
| 505 | 8 | _aContiene: V. I-II: The Polyphonic period, method of musical art / by H.E. Wooldridge. -- V. III: The music of the seventeenth century / by C. Hubert H. Parry. -- V. IV: The age of Bach & Handel / by J.A. Fuller MAitland. -- V. V: The viennese period / by W.H. Hadow. -- V. VI: The romantic period / By Edward Dannreuther. | |
| 852 |
_aES-MaACL _jC-1162-67 |
||
| 999 |
_c80200 _d80200 |
||